000 00406nam a2200109Ia 4500
008 160909s9999 xx 000 0 und d
100 _aEllison, Charles Leland
245 _aDevelopment of Multistep and Degenerate Variational Integrators for Applications in Plasma Physics
260 _bPrinceton University
_c2016
650 _aCULINARY
856 _uhttp://pqdtopen.proquest.com/doc/1779522957.html?FMT=ABS
999 _c304981
_d304981